000 00361 a2200169 4500
001 56868
020 _a8532242421
040 _cAnchieta - Pituba
100 _aGomes, Álvaro Cardoso
240 1 0 _aA vida por um fio
_lpor
245 1 0 _aA vida por um fio
300 _a125
362 0 _a1998
440 1 _aFTD
650 4 _aLiteratura juvenil
942 _cBK
999 _c56868
_d56868